000 00603nam a2200205 a 4500
005 20140311163001.0
008 020820s19uu xx 00 eng d
020 _a0132799022
050 _aHD 30.3
_b.G76 1992
100 _aGrenier, Ray
245 _aEnterprise networking :
_bworking together apart /
_cRay Grenier.
260 _aU.S.A :
_bDigital Equipmenet Corporation,
_c1992.
300 _a260 p. :
_c24 cm.
521 _aBSBA
650 _aCommunication in management
650 _aInformation networks
650 _aOrganizational effectiveness
942 _cBK
_2lcc
_kFOR
999 _c39205
_d39205